000 00429nam a2200157Ia 4500
008 210716s2003 xx 000 0 und d
020 _a007049536X
041 _aeng
082 _a005.2764 MACM
100 _aMacDonald, Matthew.
245 _aASP.NET: the complete reference.
_bComplete reference.
250 _a1
260 _aNew Delhi
_bTata McGraw Hill Publishing Company Ltd
_c2003
300 _axxix,977
650 _aASP
999 _c186024
_d186024